<?xml version="1.0" encoding="UTF-8"?><?xml-stylesheet type="text/xsl" href="static/style.xsl"?><OAI-PMH xmlns="http://www.openarchives.org/OAI/2.0/" xmlns:xsi="http://www.w3.org/2001/XMLSchema-instance" xsi:schemaLocation="http://www.openarchives.org/OAI/2.0/ http://www.openarchives.org/OAI/2.0/OAI-PMH.xsd"><responseDate>2026-04-14T09:33:51Z</responseDate><request verb="GetRecord" identifier="oai:www.recercat.cat:2117/368674" metadataPrefix="marc">https://recercat.cat/oai/request</request><GetRecord><record><header><identifier>oai:recercat.cat:2117/368674</identifier><datestamp>2025-07-23T06:20:25Z</datestamp><setSpec>com_2072_1033</setSpec><setSpec>col_2072_452951</setSpec></header><metadata><record xmlns="http://www.loc.gov/MARC21/slim" xmlns:dcterms="http://purl.org/dc/terms/" xmlns:xsi="http://www.w3.org/2001/XMLSchema-instance" xmlns:doc="http://www.lyncode.com/xoai" xsi:schemaLocation="http://www.loc.gov/MARC21/slim http://www.loc.gov/standards/marcxml/schema/MARC21slim.xsd">
   <leader>00925njm 22002777a 4500</leader>
   <datafield ind2=" " ind1=" " tag="042">
      <subfield code="a">dc</subfield>
   </datafield>
   <datafield ind2=" " ind1=" " tag="720">
      <subfield code="a">Tibaquirá Artunduaga, Edna Julieth</subfield>
      <subfield code="e">author</subfield>
   </datafield>
   <datafield ind2=" " ind1=" " tag="260">
      <subfield code="c">2022-04-29</subfield>
   </datafield>
   <datafield ind2=" " ind1=" " tag="520">
      <subfield code="a">In recent years a pathology has been discovered that could be considered a neurodevelopmental disease. Studies with histopathological techniques and with Neuroimaging techniques, such as MRI (Magnetic Resonance Imaging), have detected abnormalities in the structure of certain brain regions. Other techniques have made it possible to observe alterations in the functioning of the brain of these patients in comparison with that of healthy individuals. These findings support the theory that schizophrenia may have its origin in alterations in very early brain development. However, despite significant advances in the understanding of schizophrenia, it remains a pathology with treatment questions. Schizophrenia is a chronic mental health disorder that affects the way a person feels, thinks and behaves, so that the person interprets reality abnormally. Patients may lose contact with reality (psychosis), suffer from hallucinations, delusions, among others. This project is based on MRI and EEG (Electroencephalography) signals from a large database of healthy control patients and patients with psychiatric disorders (chronic schizophrenia), with the main objective of performing analyses combining the direct model (obtained from the MRI signal) and the inverse model (from the EEG data). For the fulfillment of the objectives, we use Brainstorm, which is an open source collaborative application dedicated to the analysis of brain recordings. This application allows the resolution of the direct and inverse models, in this case to identify the locations of brain sources and areas of interest in order to find significant differences between healthy control patients and patients with psychiatric disorders. Finally, we were able to perform an in-depth analysis combining the direct and inverse models to locate the sources of brain activity generation from a large database of healthy control patients and patients with schizophrenia</subfield>
   </datafield>
   <datafield ind2=" " ind1=" " tag="520">
      <subfield code="a">Objectius de Desenvolupament Sostenible::3 - Salut i Benestar</subfield>
   </datafield>
   <datafield tag="653" ind2=" " ind1=" ">
      <subfield code="a">Àrees temàtiques de la UPC::Ciències de la salut</subfield>
   </datafield>
   <datafield tag="653" ind2=" " ind1=" ">
      <subfield code="a">Schizophrenia -- Diagnosis -- Magnetic resonance imaging</subfield>
   </datafield>
   <datafield tag="653" ind2=" " ind1=" ">
      <subfield code="a">Brain -- Magnetic fields -- Measurement -- Mathematical models</subfield>
   </datafield>
   <datafield tag="653" ind2=" " ind1=" ">
      <subfield code="a">Esquizofrènia -- Diagnòstic -- Imatgeria per ressonància magnètica</subfield>
   </datafield>
   <datafield tag="653" ind2=" " ind1=" ">
      <subfield code="a">Cervell -- Camps magnètics -- Mesurament -- Models matemàtics</subfield>
   </datafield>
   <datafield ind2="0" ind1="0" tag="245">
      <subfield code="a">Brain sources localization in EEG data by combining forward and inverse model: Application to patients with schizophrenia and bipolar disorder</subfield>
   </datafield>
</record></metadata></record></GetRecord></OAI-PMH>